Report writing

Includes bibliographical references and index; The Purpose of Reports -- Gathering Your Information -- Structuring Your Report -- Business Plans, Project Proposals and Dissertations -- Presenting Your Findings -- Writing Concisely -- Report Writing at Work

Spremljeno u:
Bibliografski detalji
Glavni autor: Reid, Michelle
Daljnji autori: Lieber, Rochelle
Format: Knjiga
Jezik:Undetermined
Izdano: New York Palgrave Macmillan 2012
Teme:
Online pristup:http://lrc.tdmu.edu.vn/opac/search/detail.asp?aID=2&ID=35733
Oznake: Dodaj oznaku
Bez oznaka, Budi prvi tko označuje ovaj zapis!
Thư viện lưu trữ: Trung tâm Học liệu Trường Đại học Thủ Dầu Một
LEADER 00968nam a2200217Ia 4500
001 TDMU_35733
008 210410s9999 xx 000 0 und d
082 |a 338.095 
090 |b R201 
100 |a Reid, Michelle 
245 0 |a Report writing 
245 0 |c Michelle Reid 
260 |a New York 
260 |b Palgrave Macmillan 
260 |c 2012 
300 |a ix, 113 p. 
520 |a Includes bibliographical references and index; The Purpose of Reports -- Gathering Your Information -- Structuring Your Report -- Business Plans, Project Proposals and Dissertations -- Presenting Your Findings -- Writing Concisely -- Report Writing at Work 
650 |a Report writing  |x Research; Viết báo cáo  |x Nghiên cứu; English language  |x Rhetoric; Ngôn ngữ Anh  |x Hùng biện 
700 |a Lieber, Rochelle 
856 |u http://lrc.tdmu.edu.vn/opac/search/detail.asp?aID=2&ID=35733 
980 |a Trung tâm Học liệu Trường Đại học Thủ Dầu Một